000 01389nam a2200361 a 4500
001 ebr10419084
003 CaPaEBR
006 m u
007 cr cn|||||||||
008 101115s2010 inua s 001 0 eng d
010 _z 2010935569
020 _z9780470495896
020 _z9780470937150 (e-book)
040 _aCaPaEBR
_cCaPaEBR
035 _a(OCoLC)678574638
050 1 4 _aQA76.76.O63
_bW46 2010eb
100 1 _aWentk, Richard.
245 1 0 _aCocoa
_h[electronic resource] /
_cRichard Wentk.
260 _aIndianapolis, Ind. :
_bWiley,
_c2010.
300 _axix, 603 p. :
_bill.
490 1 _aDeveloper reference
500 _aIncludes index.
505 0 _apt. 1. Getting started -- pt. 2. Going deeper -- pt. 3. Expanding the possibilities.
533 _aElectronic reproduction.
_bPalo Alto, Calif. :
_cebrary,
_d2011.
_nAvailable via World Wide Web.
_nAccess may be limited to ebrary affiliated libraries.
630 0 0 _aMac OS.
650 0 _aCocoa (Application development environment)
650 0 _aObject-oriented programming (Computer science)
650 0 _aApplication program interfaces (Computer software)
655 7 _aElectronic books.
_2local
710 2 _aebrary, Inc.
830 0 _aDeveloper reference.
856 4 0 _uhttp://site.ebrary.com/lib/rucke/Doc?id=10419084
_zAn electronic book accessible through the World Wide Web; click to view
999 _c82566
_d82566